00984cam a2200301 a 450000100060000000300080000600500170001400800410003102000220007203500190009404000440011304100080015708200260016510000320019124501300022325000120035326000310036530000350039649000300043150400320046160000320049365000320052565000280055765000270058565000260061265100210063870000230065917355BD-RjUL20211209000127.0140216s2002 nyua b 000 1 eng d a0393955524 (pbk.) a(BD-RjUL)17413 aDLCcDLCdDLCdOCoLCdDLCdBD-RjULbeng aeng00a823.912223bCOH 20021 aConrad, Joseph,d1857-1924.10aHeart of darkness :ban authoritative text, backgrounds and sources, criticism /cJoseph Conrad ; edited by Robert Kimbrough. a3rd ed. aNew York :bNorton,cc2002 axvii, 420 p. :bill. ;c22 cm.0 aA Norton critical edition aBibliography: p. [419]-420.10aConrad, Joseph,d1857-1924. 0aEuropeanszAfricavFiction. 0aTrading postsvFiction. 0aDegenerationvFiction. 0aImperialismvFiction. 0aAfricavFiction.1 aKimbrough, Robert.